01478cam a2200361 a 4500001001400000003000800014005001700022006001900039007001500058008004100073020003800114040003000152041001300182050002300195082001500218245008200233260002700315300003900342490004200381520021600423521001700639546006600656588004700722504004100769600005100810655002900861700001600890700002700906710001600933776003500949830004300984856008901027EDZ0000117348StDuBDS20161031105200.0m||||||||d||||||||cr |||||||||||130111s2004 enkc fo| 000|0|eng d a9781446263280 (ebook) :cNo price aStDuBDSbengcStDuBDSepn0 aengafre 0aP85.B33bR645 200404a300.9222300aRoland Barthesh[electronic resource] /cedited by Mike Gane & Nicholas Gane. aLondon :bSAGE,c2004. a1 online resource (3 v.) :bports.1 aSAGE masters of modern social thought8 aRoland Barthes (1915-1980) was one of the leading post-structuralist authors of his day as well as making many important contributions to semiotics. These volumes provide a complete overview of his achievements. aSpecialized. aText in English with one chapter and some passages in French. aDescription based on print version record. aIncludes bibliographical references.10aBarthes, RolandxCriticism and interpretation. 7aElectronic books.2local1 aGane, Mike.1 aGane, Nicholas,d1971-2 aSage eBooks08iPrint version :z9780761949527 0aSAGE masters of modern social thought.40uhttp://ezproxy.alfaisal.edu/login?url=http://sk.sagepub.com/navigator/roland-barthes